00603nam a2200169 u 450000100100000000500170001000800410002704000250006808200150009310000320010824501050014026000420024530000210028759000750030850400330038399900170041600003616120200930074925.0111221s1955 ve r 000 0 spa d aDO-SdBNPbspacBNPHU axxxxbxxxx1 aRatto Ciarlo, José96220013aLa utopia del reino de Dios :bel hombre antiguo en busca de un estado ideal /cJosé Ratto Ciarlo. aCaracas :bEdiciones Garrrido,c1955. a416 p. ;c24 cm. aPerteneció a la biblioteca personal de Juan Isidro Jimenes Grullón aBibliografía : p. 399- 416 c35652d35652